000
00269nam a22001217a 4500
040
_c
SY
082
_a
668
100
_a
NA
245
_a
Laboratory training, management and water quality and nutrient analysis
260
_a
RUA
_b
NA
_c
1998
300
_a
44p.
942
_c
KB
999
_c
9391
_d
9391